000 00345nam a22001457a 4500
008 210322b ||||| |||| 00| 0 eng d
020 _aX000B70ZML
041 _aeng
080 _a616.9
082 _a616.9
100 _a8
101 _aINF
245 _aBeyond Condoms Alternative Approaches to HIV Prevention
_cO'Leary, A
942 _2udc
_cBK
999 _c56620
_d56620